| 000 | 01580cas a2200325 i 4500 | ||
|---|---|---|---|
| 001 | 49236 | ||
| 003 | BD-RjUL | ||
| 005 | 20211209054643.0 | ||
| 008 | 160818s1963 dcu x s f0 a0eng c | ||
| 035 | _aBD-RjUL49355 | ||
| 040 |
_aTxDaM-L _beng _cTxDaM-L _dOCoLC _dMH _dDLC _dMH-L _dDLC _dOCoLC _dMiU-L _dKRTAS _dOCoLC _dOCLCF _dOCoLC _dWaSeSS |
||
| 041 | _aeng | ||
| 082 |
_222 _a341.0262 _bTRE 1963 |
||
| 110 | 1 |
_aUnited States. _9147966 |
|
| 245 | 1 | 0 |
_aTreaty series : _bTreaties and international agreements registered or field and recorded with the secretariat of the united nations / |
| 260 |
_aNew york : _bUnited Nations., _c1963 |
||
| 300 |
_a441 p. : _bill. ; _c23 cm. |
||
| 506 | _aAccess limited to subscribers. | ||
| 580 | _aMerged with: United States. Treaties (Executive agreements series). Executive agreements series; to form: United States. Treaties (Treaties and other international acts series). Treaties and other international acts series. | ||
| 650 | 7 |
_aTreaty series (United Nations) _x Indexes. _9147963 |
|
| 655 | 0 |
_aElectronic journals. _9119121 |
|
| 776 | 1 |
_tTreaty series _w(DLC)32009417 |
|
| 785 | 1 | 7 |
_aUnited States. _tExecutive agreement series _w(DLC)sn 95030638 _w(OCoLC)16915693 |
| 785 | 1 | 7 |
_aUnited States. _tTreaties and other international acts series _x0083-0816 _w(DLC) 46006169 _w(OCoLC)1774183 |
| 856 | 4 | 0 |
_uhttp://www.columbia.edu/cgi-bin/cul/resolve?clio9608671 _zFull text available from HeinOnline U.S. Treaties and Agreements Library |
| 942 |
_2ddc _cBK |
||
| 999 |
_c49236 _d49236 |
||